Llibre blanc de l' Electrònica i la Informàtica a Catalunya / Generalitat de Catalunya, Direcció General de Política Industrial i Tecnològica
Descripción Física:
228 p. ; 26 cm
MARC
| LEADER | 00000nam a2200000Ia 4500 | ||
|---|---|---|---|
| 001 | 1269 | ||
| 008 | 160829s1984 xx 000 0 cat d | ||
| 080 | |a C-1-176 | ||
| 100 | |a Catalunya. Direcció General de Política Industrial i Tecnològica |9 22025 | ||
| 245 | |a Llibre blanc de l' Electrònica i la Informàtica a Catalunya / Generalitat de Catalunya, Direcció General de Política Industrial i Tecnològica | ||
| 260 | |a Barcelona : |b Generalitat de Catalunya, Departament d'Indústria i Energia, |c 1984 | ||
| 300 | |a 228 p. ; |c 26 cm | ||
| 650 | |a Electrònica |x Catalunya |9 37423 | ||
| 650 | |a Informàtica |x Catalunya |9 37424 | ||
| 901 | |a Arxiu | ||
| 942 | |n 1 | ||
| 952 | |0 0 |1 0 |4 0 |6 C1176 |7 1 |9 47859 |a Arxiu |b Arxiu |d 2016-12-01 |l 0 |o C-1-176 |p 1269 |r 2016-12-01 00:00:00 |w 2016-12-01 |y ARXIU | ||
| 999 | |c 51659 |d 51659 | ||